000 00577nam a2200169 4500
001 140416
003 ES-MaACL
005 20230906200056.0
007 t|
008 070214s1954 sp r ||||1| spa d
100 1 _aSegura Elizmendi, Emilio.
_9105217
245 1 3 _aEl matrimonio rojo
_b: validez y nulidad canónica del matrimonio civil en la guerra y en la postguerra de España /
_cEmilio Segura Elizmendi.
250 _a2ª ed.
260 _aPamplona :
_b[s. n.],
_c1954 (
_fImp. Jesús García)
300 _aXI, 102 p. ;
_c24 cm.
852 _aES-MaACL
_jD-170
_bR.36661
999 _c140416
_d140416